| 000 | 00459nam a2200169Ia 4500 | ||
|---|---|---|---|
| 003 | GCL | ||
| 008 | 140319s9999 xx 000 0 eng d | ||
| 040 |
_aGCL / _cGCL |
||
| 082 | 0 | 4 |
_a331.03 _bB D |
| 100 | 1 | _aA . ZAKI BADWI | |
| 245 | 1 | 0 |
_aDICTIONARY OF LABOUR: ENGLISH - FRENCH - ARABIC / _cA . ZAKI BADWI |
| 260 |
_a[S.N] : _bDAR AL - KITAB AL - MASRI ، _c1988 |
||
| 300 | _a527 P | ||
| 650 | 0 | 4 | _aLABOR |
| 650 | 0 | 4 | _aLABOR - DICTIONARY |
| 942 |
_2ddc _cBK |
||
| 999 |
_c15812 _d15812 |
||